[Event "Floripa Chess Open 2024"]
[Site "Florianopolis"]
[Date "2024.01.25"]
[Round "7.43"]
[White "Andrade, Roberto Luiz Costa"]
[Black "De Carvalho, Vitor Augusto Ponci"]
[Result "1/2-1/2"]
[WhiteElo "1962"]
[BlackElo "2124"]
[PlyCount "79"]
[EventDate "2024.01.20"]
[EventRounds "10"]
[EventCountry "BRA"]

1. e4 Nc6 2. Nc3 Nf6 3. d4 d6 4. d5 Nb8 5. Bg5 ({RR} 5. h3 g6 6. Nf3 Bg7 7. Bd3
c6 8. O-O O-O 9. Re1 b5 10. a3 a6 11. Bg5 Bb7 12. Qd2 Re8 13. Bf1 Nbd7 14. dxc6
Bxc6 15. a4 Nc5 16. Bxf6 Bxf6 17. Nd4 Bxd4 18. Qxd4 bxa4 19. e5 Ne6 {Drygalov,
S (2547)-Naroditsky,D (2618) chess.com INT 2023 1/2-1/2 (39)}) ({RR} 5. Be2 g6
6. h4 h5 7. Nh3 Bg7 8. Ng5 c6 9. Be3 Qa5 10. Qd2 Na6 11. O-O Bg4 12. Bc4 O-O
13. Rae1 b5 14. Bb3 c5 15. a3 Bd7 16. Bf4 c4 17. Ba2 Ng4 18. Nf3 Nc5 19. Nd4
Qb6 {Ankerst,M (2370)-Baskin,R (2432) chess.com INT 2023 0-1 (40)}) 5... g6 6.
Qd2 h6 7. Bf4 $146 ({RR} 7. Be3 Bg7 8. f3 c5 9. a4 Na6 10. Bb5+ Nd7 11. Nh3 Nc7
12. Be2 a6 13. a5 Rb8 14. Nf2 b5 15. axb6 Rxb6 16. Ra2 Nb5 17. Nxb5 axb5 18.
O-O Ne5 19. b3 Rb8 20. f4 Nd7 21. b4 Qc7 {Golding,A (2306)-Pein,J (2151)
London ENG 2019 1-0 (40)}) ({RR} 7. Be3 Bg7 8. f3 c5 9. a4 Na6 10. Bb5+ Nd7 11.
Nh3 Nc7 12. Be2 a6 13. a5 Rb8 14. Nf2 b5 15. axb6 Rxb6 16. Ra2 Nb5 17. Nxb5
axb5 18. O-O Ne5 19. b3 Rb8 20. f4 Nd7 21. b4 Qc7 {Golding,A (2306)-Pein,J  
(2151) London ENG 2019 1-0 (40)}) 7... e5 8. dxe6 Bxe6 9. O-O-O Nc6 10. Nf3 Bg7
11. Kb1 a6 12. Bd3 g5 13. Bg3 Nh5 14. Nd5 f5 15. h3 f4 16. Bh2 Qd7 17. Rhe1
O-O-O 18. c3 Ne5 19. Be2 Nxf3 20. Bxf3 Nf6 21. Rc1 Nxd5 22. exd5 Bf5+ 23. Ka1
Qf7 24. Be4 Rde8 25. Bxf5+ Qxf5 26. f3 Kd8 27. Bg1 Rxe1 28. Rxe1 Re8 29. Rxe8+
Kxe8 30. a3 Kd7 31. Ka2 h5 32. Qd1 b5 33. Ka1 Bf6 34. Bf2 c6 35. dxc6+ Kxc6 36.
Qe2 Kd5 37. Qd1+ Kc6 38. Qe2 Kd5 39. Qd1+ Kc6 40. Qe2 1/2-1/2

[Event "Floripa Chess Open 2024"]
[Site "Florianopolis"]
[Date "2024.01.25"]
[Round "7.44"]
[White "Do Nascimento, Christian Almeida"]
[Black "Gazola, Vanessa Ramos"]
[Result "1-0"]
[WhiteElo "2123"]
[BlackElo "1921"]
[PlyCount "56"]
[EventDate "2024.01.20"]
[EventRounds "10"]
[EventCountry "BRA"]

1. d4 d5 2. Nf3 Nf6 3. c4 e6 4. Nc3 Be7 5. e3 O-O 6. Bd3 c5 7. O-O b6 ({RR} 
7... a6 8. cxd5 exd5 9. dxc5 Bxc5 10. h3 Nc6 11. b3 d4 12. exd4 Nxd4 13. Bb2
Ba7 14. Nxd4 Qxd4 15. Qf3 Bd7 16. Rad1 Bc6 17. Qg3 Bb8 18. Qxb8 Raxb8 19. Bxh7+
Kxh7 20. Rxd4 Rbd8 21. Rfd1 Rxd4 22. Rxd4 {Olszewski,M (2532)-Ghaem Maghami,E 
(2557) Germany 2013 0-1 (63)}) 8. cxd5 ({RR} 8. Qc2 Nc6 9. a3 Bb7 10. b3 dxc4
11. Bxc4 cxd4 12. Nb5 e5 13. Rd1 a6 14. Nc3 b5 15. Bd3 Qb6 16. Ne2 Rac8 17. Qb2
e4 18. Bxe4 Nxe4 19. exd4 Bf6 20. Be3 Ne7 21. Qb1 Nf5 22. Ng3 Nfxg3 {Asihan-Xu,
Y (2004) Hohhot CHN 2023 0-1 (39)}) 8... cxd4 $146 ({RR} 8... exd5 9. Bd2 Bb7
10. Rc1 Nbd7 11. dxc5 Nxc5 12. Bb1 Qc7 13. b4 Ne6 14. Nxd5 Qd7 15. Nxf6+ Bxf6
16. Qc2 g6 17. Rfd1 Ng5 18. Nxg5 Bxg5 19. Qc7 Qd5 20. Qg3 Bh4 21. Qh3 Rfd8 22.
Rc7 Qh5 23. Rcc1 {Zikeli,S-Schloetzer,W Ueberlingen 2000 0-1}) ({RR} 8... exd5
9. b3 Nc6 10. Bb5 Bb7 11. Bb2 Rc8 12. Rc1 cxd4 13. Nxd4 Nxd4 14. Qxd4 Bd6 15.
Ne2 Qe7 16. Bd3 Rxc1 17. Nxc1 Re8 18. Qa4 Ra8 19. Ne2 Ne4 20. Bb1 f6 21. Rd1
Bc5 22. Bd4 Bxd4 23. Qxd4 {Glass,E-Kolnhofer,J Vienna 1934 1-0 (56)}) 9. exd4
exd5 10. Ne5 Bb7 11. Qf3 Nc6 12. Nxc6 Bxc6 13. Re1 h6 14. Bf4 Qd7 15. Be5 Rfe8
16. Bf5 Qd8 17. Qg3 Nh5 18. Qh3 Nf6 19. Re3 Bf8 20. Rg3 Kh8 21. Re1 Rxe5 22.
dxe5 Ne4 23. Bxe4 dxe4 24. Rge3 Bc5 25. R3e2 e3 26. fxe3 Qg5 27. e6 f5 28. Kh1
Re8 1-0

[Event "Floripa Chess Open 2024"]
[Site "Florianopolis"]
[Date "2024.01.25"]
[Round "7.45"]
[White "Nascimento, Pedro Henrique Alve"]
[Black "Uczai, Joao Pedro Filimber"]
[Result "0-1"]
[WhiteElo "1946"]
[BlackElo "2122"]
[PlyCount "38"]
[EventDate "2024.01.20"]
[EventRounds "10"]
[EventCountry "BRA"]

1. d4 e6 2. c4 Nf6 3. Nc3 Bb4 4. e3 O-O 5. Bd3 d5 6. cxd5 exd5 7. Nge2 b6 8.
O-O Bb7 9. Qc2 Re8 10. a3 Bf8 11. b4 a6 12. Bd2 Nbd7 13. Rad1 $146 ({RR} 13. f3
c5 14. bxc5 bxc5 15. Na4 cxd4 16. exd4 Bd6 17. Ng3 Qb8 18. Be1 Rc8 19. Qd1 Bc6
20. Nc3 g6 21. Bf2 Nf8 22. Na4 Ne6 23. Nc5 Nxc5 24. dxc5 Be5 25. Rb1 Qc7 26.
Rb6 Nd7 27. Rxa6 Rxa6 {Kaspi,A (2410)-Kharkova,E (2195) Formia 1994 1/2-1/2  
(49)}) 13... Rc8 14. Rfe1 h5 15. h3 Bd6 16. Kh1 b5 17. Ng1 Ne4 18. Bxe4 dxe4
19. Nge2 Qh4 0-1

[Event "Floripa Chess Open 2024"]
[Site "Florianopolis"]
[Date "2024.01.25"]
[Round "7.46"]
[White "Madeira, Wagner Martins"]
[Black "Frattini, Beatriz Maria"]
[Result "1/2-1/2"]
[WhiteElo "2122"]
[BlackElo "1873"]
[PlyCount "81"]
[EventDate "2024.01.20"]
[EventRounds "10"]
[EventCountry "BRA"]

1. d4 Nf6 2. Bg5 g6 3. Bxf6 exf6 4. e3 Bg7 5. Bd3 b6 ({RR} 5... d5 6. Ne2 c6 7.
c4 dxc4 8. Bxc4 Qe7 9. Nbc3 O-O 10. O-O Bg4 11. h3 Bxe2 12. Qxe2 f5 13. Qf3 Qb4
14. Bb3 a5 15. Qd1 f4 16. a3 Qb6 17. Na4 Qd8 18. Qf3 fxe3 19. fxe3 Kh8 20. Nc5
{Tichy,V (2282)-Zezulkin,J (2558) Prague 2004 1/2-1/2 (56)}) ({RR} 5... d5 6.
Nf3 O-O 7. Nbd2 Re8 8. O-O f5 9. Rc1 c5 10. dxc5 Bxb2 11. Rb1 Bc3 12. Nb3 Nc6
13. Bb5 Bg7 14. Qd2 a5 15. Rfd1 Be6 16. Nbd4 Qc7 17. Ba4 Nxd4 18. Nxd4 Rec8 19.
Nxe6 fxe6 20. Rb5 {Silar,L (1993)-Kuznecova,M (1755) Pardubice CZE 2022 0-1})
6. Qf3 d5 $146 ({RR} 6... c6 7. Ne2 f5 8. Nd2 Ba6 9. Bxa6 Nxa6 10. c3 Nc7 11.
Nf4 Ne6 12. h4 Nxf4 13. Qxf4 Qb8 14. Qf3 h5 15. O-O O-O 16. g3 Qd6 17. Rfd1
Rfe8 18. Nc4 Qe7 19. Rac1 Rab8 20. Qf4 d5 21. Nd2 {Puranen,J-Seppanen,A
Finland 1991 1/2-1/2}) ({RR} 6... Nc6 7. Nd2 Bb7 8. g4 Rb8 9. Bc4 O-O 10. c3 d5
11. Bd3 Qe7 12. O-O-O Nd8 13. h4 Ne6 14. Nh3 c5 15. Nf4 Rfd8 16. h5 Nf8 17.
hxg6 fxg6 18. Rh2 c4 19. Bc2 b5 20. Rdh1 b4 21. cxb4 {Amigo Barbera,F-Martinez,
L Tarragona 2000 0-1 (42)}) 7. Nc3 Bb7 8. h4 h5 9. Nge2 c6 10. O-O-O f5 11. Qg3
O-O 12. Nf4 Kh7 13. Nce2 Nd7 14. Nxh5 gxh5 15. Bxf5+ Kg8 16. Nf4 Nf6 17. Qf3
Bc8 18. Bxc8 Rxc8 19. Rh3 Qe7 20. Nxh5 Nxh5 21. Qxh5 Rfd8 22. Rg3 Qf6 23. Rg5
c5 24. c3 cxd4 25. Rxd4 Qxf2 26. Qh6 Qxe3+ 27. Rd2 Qe1+ 28. Kc2 Qe4+ 29. Rd3
Qh7 30. Qxh7+ Kxh7 31. Rgxd5 Rxd5 32. Rxd5 Rc4 33. Rd7 Rxh4 34. Rxf7 a6 35. Kb3
b5 36. Ra7 Ra4 37. c4 Rxc4 38. Rxa6 Rg4 39. a4 bxa4+ 40. Rxa4 Rxa4 41. Kxa4
1/2-1/2

[Event "Floripa Chess Open 2024"]
[Site "Florianopolis"]
[Date "2024.01.25"]
[Round "7.47"]
[White "Pedroso, Denian"]
[Black "Zampronha, Wladimir Camilo"]
[Result "1/2-1/2"]
[WhiteElo "1924"]
[BlackElo "2121"]
[PlyCount "85"]
[EventDate "2024.01.20"]
[EventRounds "10"]
[EventCountry "BRA"]

1. e4 c5 2. Nc3 e6 3. Nf3 Nc6 4. d4 cxd4 5. Nxd4 Qc7 6. Ncb5 Qb8 7. Bd3 Nf6 8.
c4 ({RR} 8. O-O a6 9. Nxc6 dxc6 10. Nd4 Bd6 11. Nf3 e5 12. Bg5 Be6 13. Bxf6
gxf6 14. Nh4 Qc7 15. Qf3 Be7 16. Nf5 O-O-O 17. Rfd1 h5 18. h4 Bc5 19. b3 Kb8
20. Bc4 Rdg8 21. Kf1 Rg4 22. g3 Rd8 {Erigaisi,A (2728)-Carlsen,M (2856)
chess24.com INT 2022 1/2-1/2 (136)}) ({RR} 8. O-O Be7 9. Re1 O-O 10. c4 d6 11.
Nxc6 bxc6 12. Nc3 e5 13. Qc2 Be6 14. h3 Nd7 15. Be3 h6 16. Qd2 Qc7 17. b4 Rab8
18. a3 Rfd8 19. Rac1 Qb7 20. Bf1 Nf8 21. b5 cxb5 22. cxb5 d5 {Fromm,M (2435)
-Svane,F (2625) chess.com INT 2024 1-0 (52)}) 8... Be7 9. O-O O-O 10. Qe2 d6
$146 ({RR} 10... a6 11. Nxc6 dxc6 12. Nd4 e5 13. Nf5 Bxf5 14. exf5 e4 15. Bxe4
Re8 16. Qf3 Bd6 17. Bc2 Bxh2+ 18. Kh1 Be5 19. g4 h6 20. Rg1 Nh7 21. f6 Bxf6 22.
Bxh6 g6 23. Rad1 Qc7 24. b3 Bg5 25. Bxg5 {Khandelwal,A (2309)-Beerdsen,T (2496)
Nottingham ENG 2023 1/2-1/2 (60)}) 11. Rd1 Re8 12. f4 e5 13. Nf3 a6 14. Nc3 Bg4
15. Qf2 exf4 16. Bxf4 Ne5 17. Be2 Be6 18. Nxe5 dxe5 19. Be3 Bb4 20. Nd5 Nxe4
21. Qh4 Bxd5 22. cxd5 f5 23. Bd3 Qd8 24. Qxd8 Rexd8 25. Rac1 Rd7 26. Bxe4 fxe4
27. Rc4 Bd6 28. Rxe4 Rc8 29. Bd2 Bb8 30. Bc3 Rcd8 31. Kf2 Rxd5 32. Rxd5 Rxd5
33. Ke3 Kf7 34. Rh4 h6 35. Ke4 Rd1 36. Rg4 Rf1 37. Rg3 Rf4+ 38. Kd5 Kf6 39. Re3
Rf2 40. g4 Kg6 41. h3 Bc7 42. a4 Rf7 43. Bxe5 1/2-1/2

[Event "Floripa Chess Open 2024"]
[Site "Florianopolis"]
[Date "2024.01.25"]
[Round "7.48"]
[White "Casalaspro, Mathias Andre"]
[Black "Cruz, Natan Gomes"]
[Result "1-0"]
[WhiteElo "2121"]
[BlackElo "1888"]
[PlyCount "51"]
[EventDate "2024.01.20"]
[EventRounds "10"]
[EventCountry "BRA"]

1. d4 d5 2. Nc3 c6 3. Bf4 Nf6 4. e3 Bf5 5. f3 e6 6. g4 Bg6 7. h4 h6 8. Bd3 Bxd3
9. Qxd3 Bd6 10. Nge2 Bxf4 11. Nxf4 Qd6 $11 12. O-O-O Nbd7 13. g5 Ng8 14. g6 f6
15. Nh5 O-O-O 16. Nxg7 h5 17. e4 Qe7 18. exd5 cxd5 $146 ({RR} 18... Qxg7 19.
dxc6 Ne5 20. cxb7+ Qxb7 21. Qe2 Nxg6 22. Qxe6+ Qd7 23. Qa6+ Kb8 24. Ne4 N8e7
25. Rhg1 Nxh4 26. d5 Rc8 27. Qxf6 Nef5 28. Rd3 Ka8 29. d6 Rhd8 30. Rgd1 Ng2 31.
Rc3 Rxc3 32. Qxc3 Nge3 33. Rd3 {Meessen,R (2109)-Advaitt Srikant Koduri (2088)
Budapest HUN 2023 1/2-1/2 (57)}) 19. Nxd5 Qxg7 20. Qc4+ Nc5 21. Nb4 Ne7 22.
dxc5 a5 23. Qxe6+ Kb8 24. Qb6 Rxd1+ 25. Rxd1 Nc8 26. Nc6+ 1-0

[Event "Floripa Chess Open 2024"]
[Site "Florianopolis"]
[Date "2024.01.25"]
[Round "7.49"]
[White "Rekik, Ismail"]
[Black "Lima, Kleyton Alcantara"]
[Result "1-0"]
[WhiteElo "1919"]
[BlackElo "2119"]
[PlyCount "57"]
[EventDate "2024.01.20"]
[EventRounds "10"]
[EventCountry "BRA"]

1. c4 e5 2. Nc3 Nf6 3. g3 d5 4. cxd5 Nxd5 5. Bg2 Nb6 6. Nf3 Nc6 7. O-O Be7 8.
d3 O-O 9. Be3 f5 10. Na4 f4 11. Qb3+ $146 ({RR} 11. Bc5 Bg4 12. Rc1 Bd6 13. Re1
Qe7 14. Nd2 Kh8 15. Ne4 Bxc5 16. Naxc5 Nd4 17. Nb3 c6 18. Nxd4 exd4 19. Qd2 Nd5
20. Rc4 Qe5 21. b4 Rad8 22. Qb2 Nb6 23. Rc5 Rd5 24. Qa3 Nd7 25. Rxd5 cxd5 {
Czerniak,M-Alekhine,A Buenos Aires 1939 0-1 (50)}) ({RR} 11. Bc5 Bg4 12. Rc1
Bd6 13. Bxd6 cxd6 14. Qb3+ Kh8 15. Nxb6 Bxf3 16. Nxa8 Nd4 17. Bxf3 Nxb3 18.
axb3 Qxa8 19. Rc7 Qd8 20. Rfc1 Qf6 21. Rxb7 d5 22. g4 e4 23. dxe4 Qxb2 24. Rbc7
dxe4 25. Rc8 Rg8 {Bohm,H (2445)-Van Wijgerden,C (2430) Leeuwarden 1977 1/2-1/2
(58)}) ({RR} 11. Bc5 Nxa4 12. Qxa4 Kh8 13. Qa3 Bd6 14. Bxd6 cxd6 15. e3 Bg4 16.
exf4 exf4 17. d4 Bxf3 18. Bxf3 Nxd4 19. Bxb7 Rb8 20. Qd3 Qf6 21. Rad1 Ne6 22.
Bd5 Nc5 23. Qc3 Rxb2 24. Qxf6 Rxf6 25. Rfe1 h6 {Zoltek,T (2133)-Ozturk,K (2293)
Prague 2015 0-1 (43)}) ({RR} 11. Bc5 Bd6 12. Bxd6 cxd6 13. Nd2 Bg4 14. Nc3 Qd7
15. Nf3 Bh3 16. d4 Bxg2 17. Kxg2 Qf5 18. e4 fxe3 19. fxe3 exd4 20. Nxd4 Qxf1+
21. Qxf1 Rxf1 22. Rxf1 Nc4 23. Nd1 Nxd4 24. exd4 Re8 25. b3 Ne3+ {Zita,
F-Sajtar,J Chocen 1942 1/2-1/2 (33)}) 11... Kh8 12. Bc5 Nxa4 13. Bxe7 Qxe7 14.
Qxa4 Rb8 15. a3 Bf5 16. Rac1 e4 17. dxe4 Bxe4 18. Rfd1 Rbd8 19. Rxd8 Rxd8 20.
Rd1 Rxd1+ 21. Qxd1 fxg3 22. hxg3 b6 23. Qd2 Kg8 24. Qf4 Bd5 25. Ng5 Bxg2 26.
Qc4+ Kh8 27. Nf7+ Kg8 28. Nh6+ Kh8 29. Qg8# 1-0

[Event "Floripa Chess Open 2024"]
[Site "Florianopolis"]
[Date "2024.01.25"]
[Round "7.50"]
[White "Becker, Rogerio Sperb"]
[Black "Felizes, Paulo"]
[Result "1/2-1/2"]
[WhiteElo "2114"]
[BlackElo "1855"]
[PlyCount "106"]
[EventDate "2024.01.20"]
[EventRounds "10"]
[EventCountry "BRA"]

1. Nf3 Nf6 2. c4 c5 3. g3 e6 4. Bg2 d5 5. O-O Be7 6. d4 O-O 7. Nc3 cxd4 8. Nxd4
e5 9. Nb3 d4 10. Nd5 Nxd5 ({RR} 10... Nc6 11. e4 dxe3 12. Bxe3 Nxd5 13. cxd5
Nb4 14. a3 Na6 15. Rc1 Bd6 16. Nd2 b6 17. Nc4 Bb7 18. f4 f6 19. fxe5 fxe5 20.
Qg4 Bc8 21. Qe2 Bb7 22. Rxf8+ Qxf8 23. b4 Nc7 24. Bg5 Ba6 25. Rf1 {
Miroshnichenko,E (2571)-Sarwat,W (2325) Tanta 2003 1-0 (34)}) 11. cxd5 Nd7 $146
({RR} 11... a5 12. a4 Na6 13. e3 dxe3 14. Bxe3 Bd6 15. Qd2 Nb4 16. f4 exf4 17.
Bxf4 Bxf4 18. Rxf4 Ra6 19. Kh1 Rd6 20. Nxa5 Qxa5 21. Qxb4 Qc7 22. Rc4 {1-0 (22)
Monin,N (2395)-Sammalvuo,N (2110) Jyvaskyla 1991}) 12. f4 f6 13. e3 Qb6 14.
exd4 a5 15. a4 exf4 16. Bxf4 Ne5 17. Kh1 Bg4 18. Qc2 Ng6 19. Bc7 Rfc8 20. Bxb6
Rxc2 21. Rab1 Be2 22. Be4 Bxf1 23. Bxc2 Bc4 24. Nd2 Bxd5+ 25. Be4 Bxe4+ 26.
Nxe4 Bd8 27. Bc5 b6 28. Ba3 Be7 29. Bxe7 Nxe7 30. Nc3 Rd8 31. Rd1 Nd5 32. Nxd5
Rxd5 33. Kg2 Kf7 34. Kf3 f5 35. Ke3 b5 36. b3 h6 37. Rc1 b4 38. Rc6 Ke7 39. h4
Kf7 40. h5 f4+ 41. gxf4 Rxh5 42. Ke4 Rh3 43. Rc5 Rxb3 44. Rxa5 Rb1 45. Kd3 b3
46. Rb5 b2 47. Kc3 Ra1 48. Rxb2 Rxa4 49. Kd3 Ra6 50. Rb4 Kf6 51. Ke4 Re6+ 52.
Kf3 Rd6 53. Kg4 g6 1/2-1/2

[Event "Floripa Chess Open 2024"]
[Site "Florianopolis"]
[Date "2024.01.25"]
[Round "7.51"]
[White "Boeck, Moacir Luis"]
[Black "Delgado, Lidio Dias"]
[Result "0-1"]
[WhiteElo "1900"]
[BlackElo "2110"]
[PlyCount "60"]
[EventDate "2024.01.20"]
[EventRounds "10"]
[EventCountry "BRA"]

1. e4 g6 2. c4 c5 3. Nc3 Bg7 4. Nge2 Nc6 5. g3 d6 6. Bg2 h5 7. h4 Bg4 8. f3 Bd7
9. d3 a6 10. Be3 b5 11. Qd2 Nd4 12. O-O Rb8 13. Bf2 $146 ({RR} 13. Rab1 b4 14.
Nd5 Nxe2+ 15. Qxe2 e6 16. Nf4 Ne7 17. Qf2 Nc6 18. Ne2 Ne5 19. Rbd1 Qa5 20. Nc1
Qc7 21. b3 Nc6 22. Ne2 e5 23. f4 Bg4 24. Rde1 Nd4 25. Nxd4 cxd4 26. Bd2 exf4
27. gxf4 O-O {Ivacic,V (2305)-Vasic,P (2150) Portoroz 1994 1-0 (53)}) 13... b4
14. Nd5 e6 15. Ndf4 Ne7 16. Nxd4 cxd4 17. Ne2 e5 18. Kh2 Bh6 19. f4 Bg4 20. Nc1
O-O 21. Bh3 f5 22. Bg2 exf4 23. Qc2 fxg3+ 24. Bxg3 f4 25. Bf2 f3 26. Bh3 Bf4+
27. Bg3 Qc7 28. Qf2 Be3 29. Qc2 Qc5 30. Qa4 f2 0-1

[Event "Floripa Chess Open 2024"]
[Site "Florianopolis"]
[Date "2024.01.25"]
[Round "7.52"]
[White "Cueto, Jonny"]
[Black "Santos, Abel Cardoso Dos"]
[Result "1-0"]
[WhiteElo "2108"]
[BlackElo "1854"]
[PlyCount "31"]
[EventDate "2024.01.20"]
[EventRounds "10"]
[EventCountry "BRA"]

1. d4 Nf6 2. Bf4 g6 3. Nc3 d6 4. e4 Bg7 5. e5 Nh5 ({RR} 5... Nfd7 6. exd6 cxd6
7. Qd2 O-O 8. Bh6 Nf6 9. O-O-O Qa5 10. h4 Nc6 11. h5 Bf5 12. Bxg7 Kxg7 13. hxg6
Bxg6 14. Bd3 Kg8 15. Nge2 Nb4 16. Bxg6 fxg6 17. a3 Nbd5 18. Rh3 Rac8 19. Rdh1
Nxc3 20. Nxc3 {Ibarra Jerez,J (2558)-Swiercz,D (2647) chess.com INT 2021 0-1  
(41)}) ({RR} 5... Nfd7 6. Nf3 O-O 7. Bc4 Nb6 8. Bb3 c5 9. dxc5 dxc5 10. Qxd8
Rxd8 11. e6 c4 12. Bc7 Rd6 13. Bxd6 exd6 14. exf7+ Kxf7 15. Ba4 Bxc3+ 16. bxc3
Nxa4 17. O-O Nc6 18. Nd4 Nxc3 19. Nxc6 bxc6 20. Rfe1 {Smirnov,T (2381)-Bolat,I
(2088) chess.com INT 2023 0-1}) 6. Qf3 Nxf4 7. Qxf4 dxe5 $146 ({RR} 7... O-O 8.
O-O-O Nc6 9. Nf3 e6 10. Ne4 d5 11. Ned2 a5 12. h4 f6 13. Qe3 Ne7 14. Bd3 c6 15.
exf6 Rxf6 16. Ne5 Nf5 17. Bxf5 exf5 18. f4 Re6 19. Ndf3 b5 20. h5 Ra7 21. hxg6
hxg6 22. Ng5 {Hartmann,A (1591)-Hennig,J (1783) Ditzingen 2010 1-0}) ({RR} 7...
O-O 8. Nf3 c6 9. O-O-O b5 10. a3 a5 11. Ne4 d5 12. Neg5 f6 13. exf6 exf6 14.
Nh3 g5 15. Qg3 g4 16. Rg1 Na6 17. Nf4 Qc7 18. Nh4 Bh6 19. Qd3 Qxf4+ 20. Kb1
Qxf2 21. Be2 Qxh4 22. h3 {Kosov,I-Pogosian,V (2203) St Petersburg 2004 0-1}) 8.
dxe5 c6 9. Bc4 O-O 10. Nf3 Qa5 11. O-O-O b5 12. Bb3 Na6 13. Ng5 b4 14. Qh4 h6
15. Nxf7 Kh7 16. Ne4 1-0

[Event "Floripa Chess Open 2024"]
[Site "Florianopolis"]
[Date "2024.01.25"]
[Round "7.53"]
[White "De Paula, Luan Araujo"]
[Black "Fernandez, Maria Florencia"]
[Result "1/2-1/2"]
[WhiteElo "1863"]
[BlackElo "2074"]
[PlyCount "84"]
[EventDate "2024.01.20"]
[EventRounds "10"]
[EventCountry "BRA"]

1. e4 c5 2. Nc3 Nc6 3. Bb5 Nd4 4. Nf3 a6 5. Bd3 g6 6. O-O Bg7 7. Re1 d6 ({RR} 
7... Nf6 8. e5 Nh5 9. b4 Nxf3+ 10. Qxf3 cxb4 11. Nd5 e6 12. Nf4 Nxf4 13. Qxf4
d6 14. Qxb4 Bxe5 15. Rb1 O-O 16. Ba3 b5 17. Rxe5 dxe5 18. Qe4 Bd7 19. Bxf8 Qxf8
20. Qxe5 Rc8 21. h4 Qc5 22. Qf6 {Kadric,D (2564)-Yu Yangyi (2705) Krasnaya
Polyana RUS 2021 0-1 (74)}) ({RR} 7... e6 8. e5 Ne7 9. Ne4 Nec6 10. Nd6+ Kf8
11. Nxd4 cxd4 12. f4 h5 13. b3 Kg8 14. Qf3 b5 15. a4 b4 16. Bb2 Rb8 17. Be4 Qb6
18. d3 a5 19. Qf2 Ba6 20. Re2 Bf8 21. Rf1 Qc5 22. Bxc6 {Matinian,N (2418)
-Kurmangaliyeva,L (2240) chess.com INT 2024 0-1 (78)}) 8. h3 e6 9. b3 $146 ({RR
} 9. Nxd4 cxd4 10. Ne2 Ne7 11. b3 O-O 12. Bb2 d5 13. exd5 Nxd5 14. c3 e5 15.
cxd4 Nb4 16. Bb1 exd4 17. Nc1 Qg5 18. h4 Qxh4 19. Nd3 Nc6 20. g3 Qg5 21. Kg2
Bd7 22. f4 Qa5 23. a3 Rfe8 {Souza,R (1997)-Caetano,R (2247) Caioba BRA 2023
1-0 (45)}) 9... b5 10. Bb2 Ne7 11. Nxd4 Bxd4 12. Qc1 O-O 13. Ne2 Bxb2 14. Qxb2
Nc6 15. c3 e5 16. a4 Rb8 17. axb5 axb5 18. b4 c4 19. Bc2 f5 20. d3 fxe4 21.
dxe4 Qb6 22. Rf1 Rb7 23. Qc1 Rbf7 24. Qe3 Qb8 25. f4 Nd8 26. fxe5 Rxf1+ 27.
Rxf1 Rxf1+ 28. Kxf1 dxe5 29. Qc5 Nf7 30. Ng1 Bd7 31. Nf3 Qe8 32. Bd1 Qe6 33.
Be2 Qf6 34. Qc7 Bc6 35. Qb6 Kg7 36. Kg1 Qd6 37. Qe3 Qe7 38. Bf1 Qb7 39. Qc5 Kf6
40. Nxe5 Nxe5 41. Qd6+ Kf7 42. Qxe5 Bxe4 1/2-1/2

[Event "Floripa Chess Open 2024"]
[Site "Florianopolis"]
[Date "2024.01.25"]
[Round "7.54"]
[White "Hirano, Enzo Erich Kreutz"]
[Black "Silva, Caio Henrique Angel"]
[Result "0-1"]
[WhiteElo "1861"]
[BlackElo "2074"]
[PlyCount "49"]
[EventDate "2024.01.20"]
[EventRounds "10"]
[EventCountry "BRA"]

1. e4 e5 2. Nf3 Nc6 3. d4 exd4 4. Bc4 Nf6 5. e5 Ne4 6. Bd5 Nc5 7. Nxd4 Nxd4 8.
Qxd4 c6 9. Bf3 ({RR} 9. Bc4 d5 10. exd6 Qxd6 11. Be3 Qxd4 12. Bxd4 Be6 13. Nd2
Bxc4 14. Nxc4 Ne6 15. O-O-O Be7 16. Be3 a6 17. Bb6 Rb8 18. Nd6+ Bxd6 19. Rxd6
O-O 20. Rd7 Rfe8 21. Rhd1 c5 22. Ba7 Rbc8 23. Rxb7 Nf4 {Vestby-Ellingsen,M  
(2389)-Rakshitta,R (2242) Stockholm SWE 2023 1-0 (44)}) 9... Ne6 10. Qe4 $146 (
{RR} 10. Qd1 Qa5+ 11. Nc3 Qxe5+ 12. Be3 d5 13. Ne2 Bd6 14. c3 O-O 15. Qd2 Nc5
16. Bf4 Qe7 17. Bxd6 Qxd6 18. c4 Bf5 19. O-O Be4 20. Bxe4 Nxe4 21. Qd3 Rad8 22.
Rad1 dxc4 23. Qc2 Qg6 24. Nd4 Rd5 {Schut,L (2065)-Wemmers,X (2387) Maastricht
2008 0-1 (79)}) ({RR} 10. Qd1 Qa5+ 11. Nc3 Qxe5+ 12. Qe2 Qxe2+ 13. Nxe2 d5 14.
O-O Bd6 15. Bd2 Be5 16. c3 O-O 17. Rfe1 Nc5 18. Nc1 Bf6 19. Be3 Re8 20. Nb3 Nd3
21. Re2 Ne5 22. Nd4 Nxf3+ 23. Nxf3 Bg4 24. Rae1 Bxf3 {Palacios,J-Aleskerov,F
St Lorenzo 1995 0-1 (45)}) 10... Ng5 11. Bxg5 Qxg5 12. O-O Bc5 13. Nc3 O-O 14.
Na4 d5 15. exd6 Bxd6 16. h4 Qf6 17. Rad1 Rd8 18. Bg4 b5 19. Bxc8 Raxc8 20. Nc3
Bc5 21. Rxd8+ Rxd8 22. Qg4 Bb6 23. Ne4 Qxb2 24. Rd1 Rxd1+ 25. Qxd1 0-1

[Event "Floripa Chess Open 2024"]
[Site "Florianopolis"]
[Date "2024.01.25"]
[Round "7.55"]
[White "Curi, Gabriel"]
[Black "Mariot Vaz, Joao Antonio Bertol"]
[Result "1-0"]
[WhiteElo "2069"]
[BlackElo "1772"]
[PlyCount "51"]
[EventDate "2024.01.20"]
[EventRounds "10"]
[EventCountry "BRA"]

1. e4 e5 2. Nf3 d6 3. d4 Nf6 4. dxe5 Nxe4 5. Qd5 Nc5 6. Bg5 Qd7 7. exd6 Bxd6 8.
Nc3 c6 ({RR} 8... Qe6+ 9. Be3 Qxd5 10. Nxd5 Ne6 11. Nd2 Nd7 12. Ne4 Be5 13. f4
f5 14. Nec3 Bxc3+ 15. Nxc3 Nf6 16. O-O-O Bd7 17. Bc4 O-O-O 18. g3 a6 19. Nd5
Nxd5 20. Rxd5 Bc6 21. Rxd8+ Nxd8 22. Rd1 Re8 23. Bd4 {Solodovnichenko,Y (2582)
-Predojevic,B (2628) Zlatibor 2007 1/2-1/2 (46)}) ({RR} 8... Qe6+ 9. Be3 Qxd5
10. Nxd5 Nba6 11. O-O-O Be6 12. Ng5 Bg4 13. f3 Bh5 14. Bf4 O-O-O 15. Bxa6 Nxa6
16. Bxd6 Rxd6 17. Ne7+ Kb8 18. Rxd6 cxd6 19. g4 Bg6 20. Nxg6 fxg6 21. Re1 h6
22. Nf7 Rf8 23. Re7 {Vasquez Schroeder,R (2475)-Sarana,A (2682) chess.com INT
2023 1/2-1/2 (53)}) 9. Qd2 h6 $146 ({RR} 9... Bc7 10. Qe3+ Qe6 11. O-O-O Qxe3+
12. Bxe3 Ne6 13. Ne4 O-O 14. Nd6 Bxd6 15. Rxd6 Rd8 16. Rxd8+ Nxd8 17. Bc4 Be6
18. Rd1 Na6 19. Bxa6 bxa6 20. Bxa7 Bd5 21. Be3 Ne6 22. b3 f5 23. Ne1 f4 24. Bb6
{De Wiljes,J (2166)-Gasthofer,A (2212) Greifswald 2001 1-0 (56)}) ({RR} 9...
O-O 10. O-O-O Be7 11. Qe3 Bd6 12. Rxd6 Qxd6 13. Be7 Qe6 14. Bxc5 Re8 15. Qxe6
Bxe6 16. Bd3 Nd7 17. Be3 Bg4 18. Ng5 h6 19. h3 Bh5 20. g4 Ne5 21. Be2 Bg6 22.
Nf3 Nd7 23. Rd1 Nb6 24. a4 {Sharif,M-Shirazi,K Jakarta 1978 1-0 (59)}) 10. Be3
Be7 11. Nd4 O-O 12. O-O-O Nba6 13. g4 Bf6 14. Bxa6 Nxa6 15. Ne4 Be5 16. Rhg1 c5
17. Nf5 Qa4 18. Nc3 Qa5 19. Bxh6 Qb4 20. Ne7+ Kh7 21. Qd3+ f5 22. Bd2 g6 23.
Qh3+ Kg7 24. Qh6+ Kf7 25. Qxg6+ Kxe7 26. Nd5+ 1-0